=LDR 00000nam 2200000 4500 =001 INLIS000000000045231 =005 20240403084334 =035 ##$$a 0010-011500000000057 =008 240403################c##########0#ind## =082 ##$$a 028.5 =090 ##$$a 028.5 $b las f =100 ##$$a Lasabuda, Safa Nabila =245 1#$$a friends,friends,friends : $b Kisah Persahabatan yang seru dan kompak /$c Safa Nabila Lasabuda =260 ##$$a Jakarta :$b Edelweiss,$c 2011 =300 ##$$a 142 hlm : $b ilus ; $c 23 cm =850 ##$$a NBPMAT =020 ##$$a 9786028672246 =084 ##$$a 028.5 Las f =250 ##$$a cet.II =650 #4$$a Fiksi anak =990 ##$$a 0001/BPAP-NTB/20142015